Normal view
MARC view
- Greek language, Modern
Entry Topical Term
001 - CONTROL NUMBER
- control field: 124298
003 - CONTROL NUMBER IDENTIFIER
- control field: TR-AnTOB
005 - DATE AND TIME OF LATEST TRANSACTION
- control field: 20240918140059.0
008 - FIXED-LENGTH DATA ELEMENTS
- fixed length control field: 190402n|eazannbab| |n aaa d
040 ## - CATALOGING SOURCE
- Original cataloging agency: TR-AnTOB
150 ## - HEADING--TOPICAL TERM
- Topical term or geographic name entry element: Greek language, Modern
- General subdivision: Dialects
- Geographic subdivision: Turkey
450 ## - SEE FROM TRACING--TOPICAL TERM
- Topical term or geographic name entry element: Yunan dili, Modern
- General subdivision: Lehçeler
- Geographic subdivision: Türkiye
670 ## - SOURCE DATA FOUND
- Source citation: A Lexicon of Smyrneika : İzmir Rumcası sözlüğü : illustrated with phrases, proverbs, pictures and dialogues = deyim, atasözü, resim ve diyaloglarla zenginleştirilmiş, Smyrneikes Kouvedes / Alex Baltazzi, George Galdies, George Poulimenos. İzmir, İZTO, 2012.
- Bibliographic record control number: 200432578
688 ## - APPLICATION HISTORY NOTE
- Institution to which field applies: TR-AnTOB
- Application history note: etuesh SA 02.04.2019



